|
|
|
|
| LEADER |
02463nam a22004575i 4500 |
| 001 |
978-94-007-5672-4 |
| 003 |
DE-He213 |
| 005 |
20151029212022.0 |
| 007 |
cr nn 008mamaa |
| 008 |
121026s2013 ne | s |||| 0|eng d |
| 020 |
|
|
|a 9789400756724
|9 978-94-007-5672-4
|
| 024 |
7 |
|
|a 10.1007/978-94-007-5672-4
|2 doi
|
| 040 |
|
|
|d GrThAP
|
| 050 |
|
4 |
|a BJ1-1725
|
| 072 |
|
7 |
|a HPQ
|2 bicssc
|
| 072 |
|
7 |
|a PHI005000
|2 bisacsh
|
| 082 |
0 |
4 |
|a 170
|2 23
|
| 100 |
1 |
|
|a Fröding, Barbro.
|e author.
|
| 245 |
1 |
0 |
|a Virtue Ethics and Human Enhancement
|h [electronic resource] /
|c by Barbro Fröding.
|
| 264 |
|
1 |
|a Dordrecht :
|b Springer Netherlands :
|b Imprint: Springer,
|c 2013.
|
| 300 |
|
|
|a XVI, 85 p.
|b online resource.
|
| 336 |
|
|
|a text
|b txt
|2 rdacontent
|
| 337 |
|
|
|a computer
|b c
|2 rdamedia
|
| 338 |
|
|
|a online resource
|b cr
|2 rdacarrier
|
| 347 |
|
|
|a text file
|b PDF
|2 rda
|
| 490 |
1 |
|
|a SpringerBriefs in Ethics,
|x 2211-8101
|
| 505 |
0 |
|
|a Introduction -- chapter 1 The problem -- chapter 2 The good life -- chapter 3 The biological obstacles -- chapter 4; Aristotle’s virtues and how to acquire them -- chapter 5 Examples of useful capacities -- chapter 6 Critique of virtue ethics -- chapter 7 Three enhancement methods -- chapter 8 Conclusion.
|
| 520 |
|
|
|a This book shows how pressing issues in bioethics – e.g. the ownership of biological material and human cognitive enhancement – successfully can be discussed with in a virtue ethics framework. This is not intended as a complete or exegetic account of virtue ethics. Rather, the aim here is to discuss how some key ideas in Aristotle’s Nicomachean Ethics, when interpreted pragmatically, can be a productive way to approach some hot issues in bioethics. In spite of being a very promising theoretical perspective virtue ethics has so far been underdeveloped both in bioethics and neuroethics and most discussions have been conducted in consequentialist and/or deontological terms.
|
| 650 |
|
0 |
|a Philosophy.
|
| 650 |
|
0 |
|a Ethics.
|
| 650 |
|
0 |
|a Medical ethics.
|
| 650 |
1 |
4 |
|a Philosophy.
|
| 650 |
2 |
4 |
|a Ethics.
|
| 650 |
2 |
4 |
|a Theory of Medicine/Bioethics.
|
| 710 |
2 |
|
|a SpringerLink (Online service)
|
| 773 |
0 |
|
|t Springer eBooks
|
| 776 |
0 |
8 |
|i Printed edition:
|z 9789400756717
|
| 830 |
|
0 |
|a SpringerBriefs in Ethics,
|x 2211-8101
|
| 856 |
4 |
0 |
|u http://dx.doi.org/10.1007/978-94-007-5672-4
|z Full Text via HEAL-Link
|
| 912 |
|
|
|a ZDB-2-SHU
|
| 950 |
|
|
|a Humanities, Social Sciences and Law (Springer-11648)
|